L'État Romain (Record no. 158465)

MARC details
000 -LEADER
campo de control de longitud fija 00602nam a2200169 4500
001 - NÚMERO DE CONTROL
campo de control 158465
003 - IDENTIFICADOR DE NÚMERO DE CONTROL
campo de control ES-MaACL
005 - FECHA Y HORA DE LA ÚLTIMA TRANSACCIÓN
campo de control 20230906211147.0
008 - DATOS DE LONGITUD FIJA--INFORMACIÓN GENERAL
campo de control de longitud fija 950111m18821889fr |||| | fre d
040 ## - FUENTE DE CATALOGACIÓN
Centro catalogador/agencia de origen EUS
Lengua de catalogación spa
Centro/agencia transcriptor EUS
100 1# - ENTRADA PRINCIPAL--NOMBRE DE PERSONA
Nombre de persona Madvig, Juan Nicolás.
9 (RLIN) 129327
245 12 - MENCIÓN DEL TÍTULO
Título L'État Romain
Resto del título : sa constitution et son administration /
Mención de responsabilidad, etc. par J. N. Madvig ; traduit par Ch. Morel.
260 ## - PUBLICACIÓN, DISTRIBUCIÓN, ETC.
Lugar de publicación, distribución, etc. Paris :
Nombre del editor, distribuidor, etc. F. Vieweg,
Fecha de publicación, distribución, etc. 1882-1889 (
Lugar de fabricación/manufactura Chartres :
Fabricante Durand Frères)
300 ## - DESCRIPCIÓN FÍSICA
Extensión 5 v. ;
Dimensiones 25 cm.
700 11 - ENTRADA AGREGADA--NOMBRE PERSONAL
Nombre de persona Morel, Ch.,
Término indicativo de función/relación
9 (RLIN) 83238
852 ## - LOCALIZACIÓN
Ubicación ES-MaACL
Número de control de estantería D-536-539
Nota libre -- Enc. hol.
condición física -- Falta el T. IV
Holdings
Estatus retirado Estado de pérdida Estado de daño No para préstamo Colección Biblioteca de origen Biblioteca actual Ubicación en estantería Fecha de adquisición Fuente de adquisición Total de préstamos Signatura topográfica completa Código de barras Visto por última vez Precio de reemplazo Tipo de ítem Koha
        Libros del s. XIX Biblioteca del Ateneo de Madrid Biblioteca del Ateneo de Madrid Sala Valle Inclán 17/01/2008     D-536-539 901165857 23/02/2023 23/02/2023 Libro impreso antiguo